| 000 | 00463nam a22001817a 4500 | ||
|---|---|---|---|
| 003 | LK-CoDNM | ||
| 005 | 20250116113540.0 | ||
| 008 | 250116b |||||||| |||| 00| 0 eng d | ||
| 040 |
_aLK-CoDNM _dLK-CoDNM _eLK-CoDNM |
||
| 041 | _aeng | ||
| 080 |
_a10 _bE35 |
||
| 100 | _aNicholls Lucius Dr. | ||
| 245 | _aEat And Be Healthy | ||
| 260 |
_aCambridge _bthe Newspapers Of Ceylon _c1947 |
||
| 300 | _a55p. : ill , map ; 24 cm | ||
| 650 | _aScience | ||
| 942 | _cBK | ||
| 999 |
_c236468 _d236468 |
||